Comercio y marketing internacional /
Contenido: 1) Conceptos básicos de marketing y comercio internacional. 2) El producto en el marketing internacional; 3) El precio en el marketing internacional; 4) El mercado (plaza); 5) La promoción en el marketing internacional; 6) Los servicios en el marketing internacional; 7) Desarrollo del pla...
Gardado en:
| Autor Principal: | |
|---|---|
| Outros autores: | |
| Formato: | Libro |
| Idioma: | Lingua castelá |
| Publicado: |
México :
Cengage Learning,
2010, c2010
|
| Edición: | 4a edición |
| Temas: | |
| Etiquetas: |
Sen Etiquetas, Sexa o primeiro en etiquetar este rexistro!
|
MARC
| LEADER | 00000nam^a2200000^a^4500 | ||
|---|---|---|---|
| 001 | 000330958 | ||
| 005 | 20250521000000.0 | ||
| 009 | 20260310114020.179 | ||
| 020 | |a 978-607-481-321-0 | ||
| 020 | |a 607-481-321-3 | ||
| 037 | |a Acervo ITESO - Biblioteca | ||
| 041 | |a ESP | ||
| 082 | |a 658. 848 |b LER | ||
| 100 | |a Lerma Kirchner, Alejandro E. |e (autor) | ||
| 240 | 1 | 1 | |a [Comercio y mercadotecnia internacional, de Alejandro E. Lerma Kirchner] |
| 245 | 1 | 0 | |a Comercio y marketing internacional / |c A.E. Lerma Kirchner, E. Márquez Castro ; pról. de Silvia A. |
| 250 | |a 4a edición | ||
| 264 | 4 | |a México : |b Cengage Learning, |c 2010, c2010 | |
| 300 | |a XXI, 650 p. | ||
| 336 | |a texto |b txt |2 rdacontenido | ||
| 337 | |a sin mediación |b n |2 rdamedio | ||
| 338 | |a volumen |b nc |2 rdasoporte | ||
| 520 | |a Contenido: 1) Conceptos básicos de marketing y comercio internacional. 2) El producto en el marketing internacional; 3) El precio en el marketing internacional; 4) El mercado (plaza); 5) La promoción en el marketing internacional; 6) Los servicios en el marketing internacional; 7) Desarrollo del plan de negocios; 8) Estudio producto-mercado; 9) El plan de exportación; 10) Logística de exportación; 11) Análisis de la competitividad. | ||
| 521 | |a 2013 BO Licenciatura en Mercadotecnia | ||
| 649 | |a XX | ||
| 650 | |a Mercado | ||
| 650 | |a Competencia Internacional (Economía) | ||
| 650 | |a Precios | ||
| 650 | |a Producto (Mezcla de Mercadotecnia) | ||
| 650 | |a Mercadotecnia de Exportación - |x Tema Principal | ||
| 650 | |a Comercio Internacional | ||
| 650 | |a Ciencias Administrativas | ||
| 700 | |a Márquez Castro, Enrique |e (autor) | ||
| 910 | |a Fondo General | ||
| 920 | |a Impresos - Libros | ||
| 930 | |a Colección General | ||
| 905 | |a 101 | ||
| 901 | |a 0500216923 |b IT1 |c ACC |i C136661 |u 20250521 | ||
| 901 | |a 0500216920 |b IT1 |c ACC |i C136662 |u 20250521 | ||
| 902 | |a https://opac.biblio.iteso.mx/vufind/Record/000330958 | ||